লোডিং...

Evolution of fisheries and aquaculture in India

গ্রন্থ-পঞ্জীর বিবরন
প্রধান লেখক: Pillai, N G K
অন্যান্য লেখক: Katiha, Pradeep K.
বিন্যাস: Printed Book
ভাষা:English
প্রকাশিত: Kochi CMFRI 2004
বিষয়গুলি:
LEADER 00669nam a22001817a 4500
005 20151026133131.0
008 120208t xxu||||| |||| 00| 0 eng d
080 |a 639.2(540)  |b PIL 
100 |a Pillai, N G K  |9 17751 
245 |a Evolution of fisheries and aquaculture in India  |c N G K Pillai and Pradeep K Katiha 
300 |a xi, 240p. 
653 |a Fisheries  |a Aquaculture  |a Marine ecosystems 
700 |a Katiha, Pradeep K.  |9 19198 
942 |c BK  |6 _ 
260 |a Kochi  |b CMFRI  |c 2004  |9 19199 
020 |a 8190121944 
999 |c 63794  |d 63794 
952 |0 0  |1 0  |2 udc  |4 0  |6 6392540_PIL  |7 0  |9 76177  |a UL  |b UL  |c GEN  |d 2012-02-08  |l 4  |o 639.2(540) PIL  |p G0008882  |r 2012-11-02  |s 2012-10-19  |w 2012-02-08  |y BK